000 00471nam a2200181Ia 4500
001 4311
005 20260306145746.0
008 260306t2023||||xx |||||||||||||| ||spa||
041 _aESP
082 _aHR 343
_bENE-JUN 2023 RIAM
110 _aAcademia de la Magistratura
245 0 _aRevista de investigación de la Academia de la Magistratura
260 _c2023
300 _a230 pƔginas :
_c24 cm.
650 _aGEN
654 _aCDE
942 _cREV
_dJUS
_fJUS
_2ddc
_n
999 _c4311
_d4311